जगावेगळे जग (Record no. 1225121)

MARC details
000 -LEADER
fixed length control field 00480nam a2200181Ia 4500
008 - FIXED-LENGTH DATA ELEMENTS--GENERAL INFORMATION
fixed length control field 151121s9999||||xx |||||||||||||| ||und||
082 ## - DEWEY DECIMAL CLASSIFICATION NUMBER
Classification number 301।154/गोखले
082 ## - DEWEY DECIMAL CLASSIFICATION NUMBER
Item number HNW-30838
100 ## - MAIN ENTRY--PERSONAL NAME
Personal name गोखले
245 ## - TITLE STATEMENT
Title जगावेगळे जग
260 ## - PUBLICATION, DISTRIBUTION, ETC. (IMPRINT)
Date of publication, distribution, etc --
300 ## - PHYSICAL DESCRIPTION
Extent 150
600 ## - SUBJECT ADDED ENTRY--PERSONAL NAME
Personal name गोखले
630 ## - SUBJECT ADDED ENTRY--UNIFORM TITLE
Uniform title जगावेगळे जग
700 ## - ADDED ENTRY--PERSONAL NAME
Personal name गोखले
730 ## - ADDED ENTRY--UNIFORM TITLE
Uniform title जगावेगळे जग
942 ## - ADDED ENTRY ELEMENTS (KOHA)
Koha item type Book
Holdings
Withdrawn status Lost status Damaged status Not for loan Home library Current library Date acquired Total Checkouts Full call number Barcode Date last seen Price effective from Koha item type
        Hirachand Nemchand Wachanalaya, Solapur Hirachand Nemchand Wachanalaya, Solapur 11/21/2015   HNW-30838 HNW-30838 11/21/2015 11/21/2015 Book